000 00800nam a2200229 a 4500
001 000007996
003 DO-SdBNP
005 20250626133151.0
008 090914s2002 dr r 000 0 spa d
040 _aDO-SdBNP
_bspa
_cBNPHU
082 _a519.5
_bS237e
100 1 _aSantos, Félix
_96962
245 1 0 _aEstadística 1 :
_bpara el autoaprendizaje /
_cFélix Santos, Eleuterio Martínez.
260 _aSantiago de los Caballeros, República Dominicana :
_bUAPA,
_c2002.
300 _a129 p. :
_bil. ;
_c28 cm.
590 _aInventariado, 2018/BT
650 0 _aEstadística matemática
_xEnseñanza
_920984
650 0 _aEstadística matemática
_xProblemas, ejercicios, etc.
_920984
700 1 _aMartìnez, Eleuterio
_96550
910 _aValidado. Control de calidad. MMOLINA
942 _2ddc
_cLBS1
999 _c7773
_d7773